000 00414nam a2200181Ia 4500
999 _c18307
_d18307
003 0100
005 20171201154350.0
008 130303s9999 xx 000 0 und d
040 _cARRUPELIB
050 _aGN502.S49 1995
100 _aShore, Bradd
_937897
245 _aCulture in mind:
_bcognitive, culture and the problem of meaning
260 _aNew York
_bOxford UP Inc.
_c1995
300 _a428p
650 _aSymbolic Anthropology
_937898
942 0 0 _01
_2lcc
_cMONOGRAPH